00326nam a2200133Ia 4500003000400000005001700004008004100021040000700062082002400069100002300093245002300116260004500139365000800184OSt20230530102159.0210423s1995 xx 000 0 und d cAL a301.0954 223bDEST aDESROCHERS (John). aTowards new india. aBangalorebCentr for social actionc1995 cINR